00761nam a2200217Ia 450000500170000000800410001704000190005804100120007708200190008910000200010824500840012826000500021230000110026244000720027365000190034570000260036485000100039094200070040099900170040795201190042420230116101359.0131103s9999 xx 000 0 und d aLoreto College aEnglish a821.5bPOP-LOU aPope, Alexander 4aThe rape of the lockcAlexander Pope; edited by David Lougee and Robert McHenry aColumbusbCharles E. Merrill Publishingc1969 a141p.  aThe Merrill literary casebook series/ edited by Edward P.J. Corbett aEnglish poetry aMcHenry, Robert ; ed. aLCLIB cBK c21252d71731 00102ddc4070aMAINbMAINd2013-11-04l10o821.5 POP-LOU 22861pB23356r2023-10-05s2023-09-27w2013-11-04yBKf